Statistics for Let’s Be Friends - Emily Osment - All Lyrics

Click here to take the quiz!

General Stats

  • This quiz has been taken 2 times
  • The average score is 326 of 367

Answer Stats

Answer% Correct
a
100%
around
100%
be
100%
can
100%
closer
100%
Come
100%
could
100%
doesn't
100%
Don't
100%
Don’t
100%
don't
100%
down,
100%
down
100%
every
100%
Everyone
100%
feel
100%
friends
100%
get
100%
getting
100%
girlfriend?
100%
Hey,
100%
hot
100%
I
100%
I'll
100%
I'm
100%
I’m
100%
Is
100%
is
100%
It
100%
it
100%
knocking
100%
know,
100%
knows
100%
let
100%
Let's
100%
let's
100%
like?
100%
like
100%
little
100%
make
100%
matter
100%
me
100%
my
100%
My
100%
name?
100%
out
100%
play
100%
say?
100%
say
100%
see
100%
show
100%
so
100%
So
100%
that
100%
Think
100%
think
100%
to
100%
turning
100%
wanna?
100%
wanna
100%
want
100%
way,
100%
way
100%
we
100%
what
100%
what's
100%
would
100%
You
100%
you
100%
your
100%
You’re
100%
you're
100%
and
50%
But
50%
'cause
50%
‘Cause
50%
first
50%
flip
50%
hook
50%
hopes
50%
just
50%
maybe
50%
Maybe
50%
mission
50%
more
50%
no
50%
now
50%
on
50%
outrageous
50%
pages
50%
Potentially
50%
real
50%
something
50%
The
50%
the
50%
this
50%
this,
50%
through
50%
up
50%
up,
50%
Wait,
50%
what'd
50%
admission
0%
attention
0%
decision
0%
for
0%
got
0%
in
0%
intention
0%
looking
0%
mention
0%
need
0%
permission
0%
position
0%
question
0%
take
0%
There’s
0%
vision
0%
you'll
0%

Score Distribution

Percentile by Number Answered

Percent of People with Each Score

Your Score History

You have not taken this quiz